Online
Catalog

Cursillo de criminología y derecho penal / (Record no. 6020)

MARC details
000 -CABECERA
campo de control de longitud fija 01211nam a2200337 i 4500
001 - NÚMERO DE CONTROL
campo de control 000006225
003 - IDENTIFICADOR DEL NÚMERO DE CONTROL
campo de control DO-SdBNP
005 - FECHA Y HORA DE LA ÚLTIMA TRANSACCIÓN
campo de control 20260303102125.0
007 - CAMPO FIJO DE DESCRIPCIÓN FÍSICA--INFORMACIÓN GENERAL
campo de control de longitud fija ta
008 - DATOS DE LONGITUD FIJA--INFORMACIÓN GENERAL
campo de control de longitud fija 090827s1940 dr r 000 0 spa d
040 ## - FUENTE DE LA CATALOGACIÓN
Centro catalogador/agencia de origen DO-SdBNP
Lengua de catalogación spa
Centro/agencia transcriptor BNPHU
Normas de descripción rda
041 ## - CÓDIGO DE LENGUA
Código de lengua del texto/banda sonora o título independiente spa
082 #4 - NÚMERO DE LA CLASIFICACIÓN DECIMAL DEWEY
Número de clasificación 364
Número de documento/Ítem B517c
Número de edición 22
100 1# - ENTRADA PRINCIPAL--NOMBRE DE PERSONA
Nombre de persona Bernaldo de Quirós y Pérez, Constancio,
Fechas asociadas al nombre 1873-
Término indicativo de función/relación autor
Código de función/relación aut.
9 (RLIN) 17404
245 10 - MENCIÓN DE TÍTULO
Título Cursillo de criminología y derecho penal /
Mención de responsabilidad, etc. Constancio Bernaldo de Quirós y Pérez
264 #1 - PRODUCCIÓN, PUBLICACIÓN, DISTRIBUCIÓN, FABRICACIÓN Y COPYRIGHT
Producción, publicación, distribución, fabricación y copyright Ciudad Trujillo, República Dominicana :
Nombre del de productor, editor, distribuidor, fabricante Montalvo,
Fecha de producción, publicación, distribución, fabricación o copyright 1940.
300 ## - DESCRIPCIÓN FÍSICA
Extensión x, 273 páginas ;
Dimensiones 24 cm.
336 ## - TIPO DE CONTENIDO
Término de tipo de contenido texto
Código de tipo de contenido txt
Fuente rdacontent
337 ## - TIPO DE MEDIO
Nombre/término del tipo de medio sin mediación
Código del tipo de medio n
Fuente rdamedia
338 ## - TIPO DE SOPORTE
Nombre/término del tipo de soporte volumen
Código del tipo de soporte nc
Fuente rdacarrier
490 1# - MENCIÓN DE SERIE
Mención de serie Publicaciones de la Universidad de Santo Domingo
Designación de volumen o secuencia 7
590 ## - NOTA LOCAL (RLIN)
Nota local Inventariado, 2018/BT
650 #7 - PUNTO DE ACCESO ADICIONAL DE MATERIA--TÉRMINO DE MATERIA
Término de materia o nombre geográfico como elemento de entrada Criminología
Subdivisión geográfica República Dominicana
Fuente del encabezamiento o término LIBRUNAM
9 (RLIN) 17089
650 #4 - PUNTO DE ACCESO ADICIONAL DE MATERIA--TÉRMINO DE MATERIA
Término de materia o nombre geográfico como elemento de entrada Derecho penal
9 (RLIN) 17405
650 #4 - PUNTO DE ACCESO ADICIONAL DE MATERIA--TÉRMINO DE MATERIA
Término de materia o nombre geográfico como elemento de entrada Derecho penal
Subdivisión general Historia
9 (RLIN) 17405
650 #4 - PUNTO DE ACCESO ADICIONAL DE MATERIA--TÉRMINO DE MATERIA
Término de materia o nombre geográfico como elemento de entrada Delincuentes
9 (RLIN) 17407
650 #4 - PUNTO DE ACCESO ADICIONAL DE MATERIA--TÉRMINO DE MATERIA
Término de materia o nombre geográfico como elemento de entrada Delincuentes con discapacidades mentales
9 (RLIN) 17408
710 1# - PUNTO DE ACCESO ADICIONAL--NOMBRE DE ENTIDAD CORPORATIVA
Nombre de entidad corporativa o nombre de jurisdicción como elemento de entrada Universidad Autónoma de Santo Domingo
9 (RLIN) 72951
910 ## - DATOS DE OPCIÓN DEL USUARIO (OCLC)
Datos de opción del usuario Validado. Control de calidad. MFF
942 ## - ELEMENTOS DE PUNTO DE ACCESO ADICIONAL (KOHA)
Fuente del sistema de clasificación o colocación Dewey Decimal Classification
Tipo de ítem Koha Libro
Holdings
Estado de retiro Estado de pérdida Fuente del sistema de clasificación o colocación Restricciones de uso No para préstamo Código de colección Localización permanente Ubicación/localización actual Ubicación en estantería Fecha de adquisición Fuente de adquisición Total de préstamos Signatura topográfica completa Código de barras Fecha visto por última vez Número de copia Precio válido a partir de Tipo de ítem Koha Nota pública
    Dewey Decimal Classification Préstamo en sala   Dominicana Referencia Raros y Valiosos Biblioteca Nacional Pedro Henríquez Ureña Biblioteca Nacional Pedro Henríquez Ureña Depósito 15.06.2011 Donación   BNPHU DS-RV 364 B517c 6225-30 25.06.2020 e. 3 25.06.2020 Libro Perteneció a la biblioteca personal de Martínez Boog.
    Dewey Decimal Classification Préstamo en sala   Dominicana Referencia Raros y Valiosos Biblioteca Nacional Pedro Henríquez Ureña Biblioteca Nacional Pedro Henríquez Ureña Depósito 22.08.2018     BNPHU DS 364 B517c 6225-40 25.06.2020 e. 4 25.06.2020 Libro  
    Dewey Decimal Classification Préstamo en sala   Dominicana Referencia Raros y Valiosos Biblioteca Nacional Pedro Henríquez Ureña Biblioteca Nacional Pedro Henríquez Ureña Depósito 23.08.2018 Donación   BNPHU DS-RV 364 B517c 6225-50 25.06.2020 e. 5 25.06.2020 Libro Perteneció a la biblioteca personal de Martínez Boog.
    Dewey Decimal Classification Excluido de préstamo   Patrimonio Dominicano Raros y Valiosos Biblioteca Nacional Pedro Henríquez Ureña Biblioteca Nacional Pedro Henríquez Ureña Depósito 27.08.2009 Donación   BNPHUPD-RV 364 B517c 6225-10 25.06.2020   25.06.2020 No se presta Perteneció a la biblioteca personal de Martínez Boog.
    Dewey Decimal Classification Excluido de préstamo   Patrimonio Dominicano Raros y Valiosos Biblioteca Nacional Pedro Henríquez Ureña Biblioteca Nacional Pedro Henríquez Ureña Depósito 20.09.2010     BNPHU PD-RV 364 B517c 6225-20 25.06.2020 e. 2 25.06.2020 Libro  

Powered by Koha